01667agaaa2200301 45000010005000000030009000050050017000140070009000310080040000400400023000800410013001031000048001161300033001642400052001972450189002492460045004382500022004832600105005053000034006105080121006445110085007655200311008505380016011615460013011776500056011907000059012467000060013056321IT-RoPAU20220918181231.0d cvaizq50131s9999||||xx ||| | || ||und|| aIT-RoPAUcIT-RoPAU aITALIANO aRivette JacquesgCodice regista SPICS: 2002 aSUZANNE SIMONIN LA RELIGIOSA aSUZANNE SIMONIN LA RELIGIEUSE DE DIDEROTgT2827 aSUZANNE SIMONIN LA RELIGIOSAcSceneggiatura: Recors Charley Levent Alain Zidi Claude -- Diretto da: Rivette JacquespSUZANNE SIMONIN LA RELIGIOSA (Rif. Codice opera principale : C6321) aSUZANNE SIMONIN LA RELIGIEUSE DE DIDEROT aEdizione Standard a(FRANCIA)bROME PARIS FILM / Distribuzione: RAI TREg"1966 (1° ed.: 1994 ; Ed. Lingua Orig.: 1966)" aVHSbsonoro, col.c138 minuti a"Montaggio: De Casabianca Denis; Musica: Eloy Jean Claude; Sceneggiatura: Recors Charley Levent Alain Zidi Claude; " a"Barbier Gillette; Berge' Francine; Bertim Yory; Diamant Catherine; Karina Anna" aSUZANNE E' COSTRETTA A FARSI MONACA DI CLAUSURA. AL CONVENTO DI LONGCHAMPSFINISCE IN ISOLAMENTO COME INDEMONIATA. IN UN ALTRO MONASTERO LA SUPERIORATENTA DI SEDURLA: SUZANNE TROVA CONFORTO NEL CONFESSORE DOM MOREL CHE L'AIUTA A FUGGIRE. LINGUA FRANCESE CON SOTTOTITOLI IN ITALIANO. FILM DRAMMATICOA COLORI. aPAL, STEREO aITALIANO aDRAMMATICOeFILMS [VHS]xCodice MATERIA SPICS: 9960 aEloy Jean Claudee(musica)gCodice Musica SPICS: 42193 aRivette Jacques e(regista)gCodice regista SPICS: 2002